Capitales des pays participants à la coupe du monde de foot 1962 - Statistiques

Statistiques générales
  • Ce quiz a été pris 26 fois
  • Le résultat moyen est 13 sur 16
Statistiques - réponses
Réponse % Correct
Brasilia
100%
Berlin (Bonn)
96%
Buenos Aires
96%
Madrid
96%
Rome
96%
Londres
92%
Moscou
92%
Montevideo
84%
Santiago
84%
Mexico
80%
Berne
76%
Bogota
76%
Prague
68%
Budapest
64%
Belgrade
60%
Sofia
48%
Aucun quiz correspondant
Distribution des résultats
% des personnes avec chaque résultat
Percentile par nombre de réponses
Votre historique - résultats
Vous n’avez pas pris ce quiz